| 000 | 00541nam a22002057a 4500 | ||
|---|---|---|---|
| 003 | OSt | ||
| 005 | 20140310183128.0 | ||
| 008 | 130530t xxu||||| |||| 00| 0 eng d | ||
| 020 | _a9789712356766 | ||
| 050 |
_aTA 350 _b.V863 2010 |
||
| 082 |
_aFIL 531.6 _bV863 2010 |
||
| 245 |
_aMechanics _bA modular approach _cVivo, Ma. Victoria C. |
||
| 260 |
_aManila _bRex Book Store _cc2010 |
||
| 300 |
_aviii, 228 p. _c25 cm. |
||
| 521 | _aCollege students | ||
| 526 | _c1210L-1700L | ||
| 541 | _j1 | ||
| 562 | _e1 | ||
| 942 |
_2lcc _cBK _kFIL |
||
| 999 |
_c19077 _d19077 |
||